[Event "MPJ_D16"]
[Site "?"]
[Date "2016.03.15"]
[Round "4.1"]
[White "Frej, Zofia"]
[Black "Parol, Pola"]
[Result "1-0"]
[BlackElo "1893"]
[WhiteElo "1792"]
[LiveChessVersion "1.4.8"]

1. d4 {[%clk 1:30:57]} Nf6 {[%clk 1:30:45]} 2. Nf3 {[%clk 1:31:20]} e6
{[%clk 1:31:02]} 3. c4 {[%clk 1:31:40]} d5 {[%clk 1:30:31]} 4. e3
{[%clk 1:32:01]} Bb4+ {[%clk 1:29:20]} 5. Bd2 {[%clk 1:30:49]} Bxd2+
{[%clk 1:24:33]} 6. Nbxd2 {[%clk 1:31:10]} O-O {[%clk 1:24:43]} 7. Bd3
{[%clk 1:31:16]} dxc4 {[%clk 1:22:11]} 8. Nxc4 {[%clk 1:31:28]} b6
{[%clk 1:19:18]} 9. O-O {[%clk 1:30:58]} Nbd7 {[%clk 1:17:37]} 10. Qe2
{[%clk 1:27:46]} c5 {[%clk 1:15:40]} 11. Rfd1 {[%clk 1:23:07]} Qe7
{[%clk 1:14:14]} 12. Rac1 {[%clk 1:18:50]} b5 {[%clk 1:09:03]} 13. Nce5
{[%clk 1:16:17]} c4 {[%clk 1:08:55]} 14. Bb1 {[%clk 1:15:26]} Nd5
{[%clk 0:59:32]} 15. b3 {[%clk 1:11:35]} Nxe5 {[%clk 0:55:59]} 16. Nxe5
{[%clk 1:10:56]} cxb3 {[%clk 0:55:02]} 17. axb3 {[%clk 1:09:55]} b4
{[%clk 0:50:16]} 18. Qd3 {[%clk 1:01:38]} g6 {[%clk 0:46:54]} 19. Rc5
{[%clk 0:59:39]} Nc3 {[%clk 0:44:33]} 20. Re1 {[%clk 0:59:40]} Bb7
{[%clk 0:42:45]} 21. Qd2 {[%clk 0:49:05]} Rac8 {[%clk 0:36:02]} 22. Ra5
{[%clk 0:38:50]} Bd5 {[%clk 0:33:17]} 23. Bc2 {[%clk 0:37:42]} f6
{[%clk 0:31:33]} 24. Nd3 {[%clk 0:29:22]} e5 {[%clk 0:23:08]} 25. Nc5
{[%clk 0:24:41]} Rfe8 {[%clk 0:21:30]} 26. f3 {[%clk 0:21:49]} Rcd8
{[%clk 0:19:50]} 27. Ne4 {[%clk 0:13:37]} exd4 {[%clk 0:15:53]} 28. Nxc3
{[%clk 0:10:26]} dxc3 {[%clk 0:15:21]} 29. Qf2 {[%clk 0:06:29]} Qe6
{[%clk 0:12:19]} 30. Rxa7 {[%clk 0:06:16]} Bxb3 {[%clk 0:12:18]} 31. Bxb3
{[%clk 0:04:36]} Qxb3 {[%clk 0:11:49]} 32. Qh4 {[%clk 0:04:46]} Qf7
{[%clk 0:01:18]} 33. Rxf7 {[%clk 0:05:07]} Kxf7 {[%clk 0:01:44]} 34. Qxb4
{[%clk 0:05:29]} Rc8 {[%clk 0:01:45]} 35. Rc1 {[%clk 0:05:40]} c2
{[%clk 0:01:52]} 36. e4 {[%clk 0:05:29]} Red8 {[%clk 0:02:11]} 37. Qb3+
{[%clk 0:05:47]} Kg7 {[%clk 0:02:34]} 38. Rxc2 {[%clk 0:06:05]} Rb8
{[%clk 0:02:11]} 39. Rc7+ {[%clk 0:06:11]} Kh6 {[%clk 0:02:25]} 40. Qe3+
{[%clk 0:36:19]} g5 {[%clk 0:32:36]} 41. h4 {[%clk 0:36:24]} 1-0

[Event "MPJ_D16"]
[Site "?"]
[Date "2016.03.15"]
[Round "4.2"]
[White "Trusz, Julia"]
[Black "Kalinowska, Karolina"]
[Result "1-0"]
[BlackElo "1571"]
[WhiteElo "1653"]
[LiveChessVersion "1.4.8"]

1. e4 {[%clk 1:30:56]} e6 {[%clk 1:30:56]} 2. d4 {[%clk 1:31:14]} d5
{[%clk 1:31:19]} 3. Nc3 {[%clk 1:31:31]} Nf6 {[%clk 1:31:41]} 4. Bg5
{[%clk 1:31:28]} dxe4 {[%clk 1:32:02]} 5. Nxe4 {[%clk 1:31:51]} Nbd7
{[%clk 1:32:18]} 6. Nf3 {[%clk 1:31:55]} h6 {[%clk 1:32:17]} 7. Nxf6+
{[%clk 1:31:42]} Nxf6 {[%clk 1:32:34]} 8. Bh4 {[%clk 1:31:42]} Be7
{[%clk 1:32:40]} 9. Bd3 {[%clk 1:30:49]} Nd5 {[%clk 1:29:08]} 10. Bxe7
{[%clk 1:28:37]} Qxe7 {[%clk 1:29:27]} 11. O-O {[%clk 1:26:27]} O-O
{[%clk 1:27:19]} 12. Re1 {[%clk 1:24:22]} Qd6 {[%clk 1:26:43]} 13. Qd2
{[%clk 1:20:15]} c5 {[%clk 1:21:24]} 14. c3 {[%clk 1:18:24]} cxd4
{[%clk 1:20:31]} 15. Nxd4 {[%clk 1:17:59]} Bd7 {[%clk 1:17:40]} 16. Nf3
{[%clk 1:16:22]} Qb6 {[%clk 1:17:10]} 17. Ne5 {[%clk 1:15:14]} Rad8
{[%clk 1:12:11]} 18. Rad1 {[%clk 1:13:06]} Nf6 {[%clk 1:06:14]} 19. Qc2
{[%clk 1:10:32]} Bc6 {[%clk 1:04:44]} 20. Nxc6 {[%clk 1:09:20]} Qxc6
{[%clk 1:05:04]} 21. Qb3 {[%clk 1:08:36]} Qc7 {[%clk 1:04:48]} 22. h3
{[%clk 1:07:44]} Nd5 {[%clk 1:03:20]} 23. Be4 {[%clk 1:05:57]} Nf6
{[%clk 1:01:03]} 24. Bf3 {[%clk 1:04:40]} b6 {[%clk 1:00:18]} 25. Qa4
{[%clk 1:03:48]} Nh7 {[%clk 0:59:33]} 26. Be4 {[%clk 1:02:16]} Nf6
{[%clk 0:56:01]} 27. Bc2 {[%clk 1:01:10]} Rd5 {[%clk 0:51:31]} 28. Rxd5
{[%clk 0:53:43]} Nxd5 {[%clk 0:51:46]} 29. Rd1 {[%clk 0:53:30]} a5
{[%clk 0:50:21]} 30. Qb5 {[%clk 0:50:45]} Nf6 {[%clk 0:49:09]} 31. Qd3
{[%clk 0:50:01]} g6 {[%clk 0:47:48]} 32. Qd4 {[%clk 0:43:02]} Nh5
{[%clk 0:46:10]} 33. Qh4 {[%clk 0:39:50]} Kg7 {[%clk 0:45:43]} 34. Ba4
{[%clk 0:35:08]} Nf4 {[%clk 0:43:29]} 35. Qg4 {[%clk 0:31:01]} Nh5
{[%clk 0:34:57]} 36. Qd4+ {[%clk 0:28:13]} Kg8 {[%clk 0:34:55]} 37. Qe3
{[%clk 0:25:58]} Kh7 {[%clk 0:34:06]} 38. Rd7 {[%clk 0:24:27]} Qf4
{[%clk 0:27:03]} 39. Qxf4 {[%clk 0:21:27]} Nxf4 {[%clk 0:27:30]} 40. Rb7
{[%clk 0:50:47]} Nd3 {[%clk 0:55:26]} 41. Rxb6 {[%clk 0:50:10]} Rd8
{[%clk 0:55:49]} 42. Rb5 {[%clk 0:46:26]} Rd5 {[%clk 0:55:12]} 43. Rxd5
{[%clk 0:43:37]} exd5 {[%clk 0:55:39]} 44. Bb3 {[%clk 0:42:43]} Nxb2
{[%clk 0:55:55]} 45. Bxd5 {[%clk 0:42:46]} Nd1 {[%clk 0:56:13]} 46. Bxf7
{[%clk 0:39:21]} Nxc3 {[%clk 0:56:36]} 47. Kf1 {[%clk 0:37:56]} Kg7
{[%clk 0:56:48]} 48. Bc4 {[%clk 0:37:59]} Kf6 {[%clk 0:56:36]} 49. Ke1
{[%clk 0:37:39]} Ke5 {[%clk 0:50:46]} 50. Kd2 {[%clk 0:37:26]} Kd4
{[%clk 0:50:04]} 51. Bf7 {[%clk 0:36:49]} g5 {[%clk 0:50:07]} 52. Kc2
{[%clk 0:33:43]} Ne4 {[%clk 0:44:16]} 53. Kb3 {[%clk 0:30:36]} Nxf2
{[%clk 0:41:58]} 54. Ka4 {[%clk 0:30:15]} Nd1 {[%clk 0:42:19]} 55. Kxa5
{[%clk 0:30:13]} Nc3 {[%clk 0:42:30]} 56. Kb4 {[%clk 0:29:35]} Nxa2+
{[%clk 0:41:23]} 57. Bxa2 {[%clk 0:29:59]} Ke3 {[%clk 0:41:08]} 58. Kc5
{[%clk 0:30:10]} Kf2 {[%clk 0:40:55]} 59. Bd5 {[%clk 0:30:33]} Kg3
{[%clk 0:41:21]} 60. Kd6 {[%clk 0:30:24]} g4 {[%clk 0:40:04]} 61. hxg4
{[%clk 0:29:38]} Kxg4 {[%clk 0:40:24]} 62. Be6+ {[%clk 0:29:56]} Kg5
{[%clk 0:40:20]} 63. Ke5 {[%clk 0:30:04]} h5 {[%clk 0:38:21]} 64. Bh3
{[%clk 0:29:29]} Kh6 {[%clk 0:37:01]} 65. Kf5 {[%clk 0:29:34]} h4
{[%clk 0:36:54]} 66. Kg4 1-0

[Event "MPJ_D16"]
[Site "?"]
[Date "2016.03.15"]
[Round "4.3"]
[White "Wojcik, Jagoda"]
[Black "Krzywnicka, Maria"]
[Result "1/2-1/2"]
[BlackElo "1646"]
[WhiteElo "1510"]
[LiveChessVersion "1.4.8"]

1. e4 c5 {[%clk 1:30:51]} 2. c3 {[%clk 1:31:24]} d5 {[%clk 1:30:50]} 3. exd5
{[%clk 1:31:45]} Qxd5 {[%clk 1:31:13]} 4. d4 {[%clk 1:32:12]} cxd4
{[%clk 1:30:38]} 5. cxd4 {[%clk 1:32:34]} g6 {[%clk 1:29:57]} 6. Nc3
{[%clk 1:31:25]} Qd8 {[%clk 1:29:29]} 7. Nf3 {[%clk 1:30:46]} Bg7
{[%clk 1:29:09]} 8. Be2 {[%clk 1:28:28]} Nf6 {[%clk 1:25:26]} 9. O-O
{[%clk 1:27:57]} O-O {[%clk 1:22:02]} 10. h3 {[%clk 1:27:55]} Nd5
{[%clk 1:18:49]} 11. Qb3 {[%clk 1:26:35]} Nxc3 {[%clk 1:13:15]} 12. bxc3
{[%clk 1:26:56]} Qc7 {[%clk 1:12:09]} 13. Be3 {[%clk 1:25:37]} Nd7
{[%clk 1:05:57]} 14. Rac1 {[%clk 1:23:50]} b6 {[%clk 1:02:23]} 15. c4 Bb7
{[%clk 1:02:01]} 16. a4 {[%clk 1:18:45]} Nf6 {[%clk 0:59:21]} 17. Rfd1
{[%clk 1:15:31]} Rac8 {[%clk 0:57:17]} 18. c5 {[%clk 1:06:04]} Bd5
{[%clk 0:56:12]} 19. Qb5 {[%clk 1:05:12]} bxc5 {[%clk 0:52:53]} 20. Rxc5
{[%clk 1:04:32]} Qd6 {[%clk 0:50:54]} 21. Bg5 {[%clk 0:57:27]} e6
{[%clk 0:48:33]} 22. Ne5 {[%clk 0:53:44]} Rb8 {[%clk 0:42:59]} 23. Qa5
{[%clk 0:47:48]} Rb2 {[%clk 0:35:24]} 24. Bxf6 {[%clk 0:39:52]} Bxf6
{[%clk 0:34:25]} 25. Bf3 {[%clk 0:39:29]} Bxe5 {[%clk 0:30:01]} 26. dxe5
{[%clk 0:38:05]} Qxe5 {[%clk 0:28:47]} 27. Bxd5 {[%clk 0:38:15]} exd5
{[%clk 0:28:57]} 28. Rcxd5 {[%clk 0:38:25]} Qb8 29. Rd8 {[%clk 0:36:58]} Qb6
{[%clk 0:22:01]} 30. Qxb6 {[%clk 0:33:49]} axb6 {[%clk 0:21:29]} 31. R8d2
{[%clk 0:29:48]} Rxd2 {[%clk 0:20:46]} 32. Rxd2 {[%clk 0:30:13]} Ra8
{[%clk 0:20:58]} 33. Rb2 {[%clk 0:30:37]} Rxa4 {[%clk 0:21:17]} 34. Rxb6
{[%clk 0:31:01]} Ra2 {[%clk 0:20:14]} 35. g4 {[%clk 0:29:34]} Kg7
{[%clk 0:19:22]} 36. Kg2 {[%clk 0:29:54]} Ra5 {[%clk 0:17:37]} 37. Rb7
{[%clk 0:29:51]} h5 {[%clk 0:17:36]} 38. Kg3 {[%clk 0:29:47]} hxg4
{[%clk 0:17:34]} 39. hxg4 {[%clk 0:30:08]} Ra3+ {[%clk 0:17:41]} 40. f3
{[%clk 0:58:53]} Ra5 {[%clk 0:47:40]} 41. Rc7 {[%clk 0:55:01]} 1/2-1/2

[Event "MPJ_D16"]
[Site "?"]
[Date "2016.03.15"]
[Round "4.4"]
[White "Krzysztynska, Anna"]
[Black "Karykowska, Anna"]
[Result "1-0"]
[BlackElo "1832"]
[WhiteElo "1643"]
[LiveChessVersion "1.4.8"]

1. d4 {[%clk 1:30:57]} f5 {[%clk 1:30:51]} 2. Nf3 {[%clk 1:30:45]} Nf6
{[%clk 1:31:15]} 3. c4 {[%clk 1:30:34]} e6 {[%clk 1:30:52]} 4. Nc3
{[%clk 1:30:12]} d5 {[%clk 1:29:30]} 5. e3 {[%clk 1:28:53]} c6 {[%clk 1:28:40]}
6. Bd3 {[%clk 1:26:47]} Bd6 {[%clk 1:27:34]} 7. O-O {[%clk 1:21:15]} O-O
{[%clk 1:26:08]} 8. Bd2 {[%clk 1:17:11]} Ne4 {[%clk 1:22:17]} 9. a3
{[%clk 1:14:33]} a5 {[%clk 1:17:47]} 10. c5 {[%clk 1:09:30]} Bc7 {[%clk 1:12:17]}
11. Qc2 {[%clk 1:05:01]} Nd7 {[%clk 1:07:00]} 12. Ne2 {[%clk 0:57:57]} Ndf6
{[%clk 1:01:27]} 13. Rfe1 {[%clk 0:51:03]} Ng4 {[%clk 0:54:34]} 14. Rf1
{[%clk 0:46:20]} Qe8 {[%clk 0:52:01]} 15. h3 {[%clk 0:45:17]} Ngf6
{[%clk 0:51:07]} 16. Rae1 {[%clk 0:38:25]} Qh5 {[%clk 0:45:59]} 17. Nf4
{[%clk 0:31:48]} Qh6 {[%clk 0:43:00]} 18. Rd1 {[%clk 0:26:41]} g5
{[%clk 0:38:33]} 19. Ne2 {[%clk 0:24:10]} g4 {[%clk 0:30:42]} 20. Nh2
{[%clk 0:20:56]} gxh3 {[%clk 0:28:15]} 21. g3 {[%clk 0:19:56]} Qg7
{[%clk 0:24:20]} 22. Kh1 {[%clk 0:18:01]} h5 {[%clk 0:20:49]} 23. Nf4
{[%clk 0:16:20]} Bxf4 {[%clk 0:17:48]} 24. exf4 {[%clk 0:16:40]} Kh7
{[%clk 0:16:47]} 25. Be3 {[%clk 0:13:28]} h4 {[%clk 0:14:50]} 26. Rg1
{[%clk 0:10:03]} hxg3 {[%clk 0:14:58]} 27. fxg3 {[%clk 0:06:55]} Nxg3+
{[%clk 0:13:49]} 28. Rxg3 {[%clk 0:07:20]} Qxg3 {[%clk 0:14:14]} 29. Qe2
{[%clk 0:07:25]} Bd7 {[%clk 0:12:15]} 30. Rg1 {[%clk 0:07:08]} Qh4
{[%clk 0:12:04]} 31. Nf3 {[%clk 0:06:48]} Qh5 {[%clk 0:09:29]} 32. Ng5+
{[%clk 0:05:22]} Kh6 {[%clk 0:09:08]} 33. Qf2 {[%clk 0:04:03]} Ng4
{[%clk 0:07:57]} 34. Qg3 {[%clk 0:03:26]} Nxe3 {[%clk 0:06:15]} 35. Qxe3
{[%clk 0:03:46]} Rae8 {[%clk 0:04:54]} 36. Be2 {[%clk 0:03:31]} Qh4
{[%clk 0:04:17]} 37. Rg3 {[%clk 0:03:49]} Kg7 {[%clk 0:00:38]} 38. Nxe6+
{[%clk 0:02:39]} Kf6 {[%clk 0:00:47]} 39. Qe5+ {[%clk 0:02:44]} Ke7
{[%clk 0:00:54]} 40. Qd6+ {[%clk 0:31:34]} Kf6 {[%clk 0:31:12]} 41. Qe5+
{[%clk 0:29:42]} Ke7 {[%clk 0:31:36]} 42. Rg7+ {[%clk 0:28:45]} Rf7
{[%clk 0:32:03]} 43. Ng5+ {[%clk 0:27:48]} Kd8 {[%clk 0:29:07]} 44. Qb8+
{[%clk 0:27:28]} 1-0

[Event "MPJ_D16"]
[Site "?"]
[Date "2016.03.15"]
[Round "4.5"]
[White "Borkowska, Zuzanna"]
[Black "Buchta, Agnieszka"]
[Result "0-1"]
[BlackElo "1807"]
[WhiteElo "1465"]
[LiveChessVersion "1.4.8"]

1. e4 {[%clk 1:30:58]} e6 {[%clk 1:30:52]} 2. d4 {[%clk 1:30:51]} d5
{[%clk 1:31:17]} 3. exd5 {[%clk 1:31:09]} exd5 {[%clk 1:31:34]} 4. c4
{[%clk 1:31:28]} c6 {[%clk 1:23:36]} 5. Nc3 {[%clk 1:29:57]} g6 {[%clk 1:21:25]}
6. cxd5 {[%clk 1:26:45]} cxd5 {[%clk 1:20:21]} 7. Bb5+ {[%clk 1:25:56]} Nc6
{[%clk 1:20:00]} 8. Qa4 {[%clk 1:25:46]} Nge7 {[%clk 1:19:54]} 9. Bg5
{[%clk 1:25:37]} Bg7 {[%clk 1:12:06]} 10. Nge2 {[%clk 1:20:21]} f6
{[%clk 1:00:58]} 11. Be3 {[%clk 1:18:10]} Be6 {[%clk 1:00:35]} 12. Nf4
{[%clk 1:17:29]} Bf7 {[%clk 1:00:38]} 13. O-O {[%clk 1:16:36]} O-O
{[%clk 1:00:30]} 14. Rfe1 {[%clk 1:16:11]} a6 {[%clk 0:53:12]} 15. Be2
{[%clk 1:14:08]} b5 {[%clk 0:51:37]} 16. Qb3 {[%clk 1:13:45]} Na5
{[%clk 0:50:55]} 17. Qb4 {[%clk 1:09:04]} Nec6 {[%clk 0:41:41]} 18. Qc5
{[%clk 1:08:05]} Re8 {[%clk 0:39:43]} 19. Nd1 {[%clk 1:03:21]} Rc8
{[%clk 0:34:00]} 20. Qc3 {[%clk 0:58:51]} Ne5 {[%clk 0:29:08]} 21. Qd2
{[%clk 0:58:28]} Nec4 22. Bxc4 {[%clk 0:58:41]} Nxc4 {[%clk 0:23:10]} 23. Qd3
{[%clk 0:56:34]} Qd6 {[%clk 0:19:18]} 24. Ne2 {[%clk 0:53:17]} Bf8
{[%clk 0:15:25]} 25. a3 {[%clk 0:50:45]} a5 {[%clk 0:15:21]} 26. Nec3
{[%clk 0:48:28]} b4 {[%clk 0:14:27]} 27. Nb5 {[%clk 0:45:12]} Qa6
{[%clk 0:11:30]} 28. a4 {[%clk 0:45:19]} Nd6 {[%clk 0:09:56]} 29. Qf1
{[%clk 0:43:12]} Nxb5 {[%clk 0:09:48]} 30. Qxb5 {[%clk 0:42:55]} Qxb5
{[%clk 0:10:17]} 31. axb5 {[%clk 0:43:24]} Ra8 {[%clk 0:10:22]} 32. b6
{[%clk 0:40:21]} Reb8 {[%clk 0:09:06]} 33. Bf4 {[%clk 0:40:11]} Rxb6
{[%clk 0:09:10]} 34. Bc7 {[%clk 0:40:31]} Rba6 {[%clk 0:09:04]} 35. Ne3
{[%clk 0:40:13]} a4 {[%clk 0:07:50]} 36. Ra2 {[%clk 0:39:01]} a3 {[%clk 0:06:02]}
37. Rb1 {[%clk 0:37:42]} b3 {[%clk 0:04:41]} 38. Raa1 {[%clk 0:37:57]} axb2
{[%clk 0:04:12]} 39. Rxa6 {[%clk 0:38:19]} Rxa6 {[%clk 0:04:41]} 40. Rxb2
{[%clk 1:08:39]} Ra7 {[%clk 0:33:27]} 41. Bd8 {[%clk 1:08:23]} Rb7
{[%clk 0:29:56]} 42. Bxf6 {[%clk 1:04:01]} Ba3 {[%clk 0:27:48]} 43. Rb1
{[%clk 1:04:24]} b2 {[%clk 0:27:49]} 44. Bg5 {[%clk 1:01:05]} Rc7
{[%clk 0:25:32]} 45. Ng4 {[%clk 1:00:04]} Rc1+ {[%clk 0:21:00]} 46. Bxc1
{[%clk 1:00:16]} bxc1=Q+ {[%clk 0:21:23]} 47. Rxc1 {[%clk 1:00:44]} Bxc1
{[%clk 0:21:40]} 48. Ne5 {[%clk 1:01:03]} Bb2 {[%clk 0:21:13]} 49. Nc6
{[%clk 1:01:21]} Kf8 {[%clk 0:19:46]} 50. Kf1 {[%clk 1:01:41]} Be8
{[%clk 0:18:35]} 51. Ne5 {[%clk 0:59:49]} Bxd4 {[%clk 0:17:32]} 52. Nf3
{[%clk 1:00:13]} Bf6 {[%clk 0:17:39]} 53. Ke2 {[%clk 1:00:28]} d4
{[%clk 0:17:23]} 54. g4 {[%clk 0:59:59]} Bc6 {[%clk 0:16:16]} 55. Nd2
{[%clk 1:00:13]} Bg5 {[%clk 0:14:40]} 0-1

[Event "MPJ_D16"]
[Site "?"]
[Date "2016.03.15"]
[Round "4.6"]
[White "Kindler, Karolina"]
[Black "Szelag, Zuzanna"]
[Result "1-0"]
[BlackElo "1688"]
[WhiteElo "1597"]
[LiveChessVersion "1.4.8"]

1. Nf3 {[%clk 1:30:57]} g6 {[%clk 1:30:53]} 2. e3 {[%clk 1:31:18]} Bg7
{[%clk 1:31:12]} 3. d4 {[%clk 1:31:26]} d6 {[%clk 1:30:04]} 4. c4
{[%clk 1:31:31]} Nf6 {[%clk 1:29:32]} 5. Nc3 {[%clk 1:30:45]} O-O
{[%clk 1:28:50]} 6. Be2 {[%clk 1:30:09]} Nbd7 {[%clk 1:27:30]} 7. O-O
{[%clk 1:29:43]} c5 {[%clk 1:25:38]} 8. b3 {[%clk 1:27:41]} Re8 {[%clk 1:16:32]}
9. Bb2 {[%clk 1:24:56]} a6 {[%clk 1:10:04]} 10. Qc2 {[%clk 1:23:45]} Qc7
{[%clk 1:08:17]} 11. Rad1 {[%clk 1:21:40]} Rb8 {[%clk 1:04:26]} 12. Ng5
{[%clk 1:05:44]} b6 {[%clk 0:58:58]} 13. f4 {[%clk 1:00:09]} cxd4
{[%clk 0:55:00]} 14. exd4 {[%clk 0:59:48]} e6 {[%clk 0:53:27]} 15. Qd3
{[%clk 0:54:25]} Bb7 {[%clk 0:50:35]} 16. Rc1 {[%clk 0:36:50]} Rbc8
{[%clk 0:44:16]} 17. g3 {[%clk 0:28:48]} Qb8 {[%clk 0:36:48]} 18. Bf3
{[%clk 0:23:37]} h6 {[%clk 0:31:48]} 19. Bxb7 {[%clk 0:22:31]} Qxb7
{[%clk 0:32:12]} 20. Nge4 {[%clk 0:22:50]} Qb8 {[%clk 0:29:18]} 21. Rfe1
{[%clk 0:16:29]} Nxe4 {[%clk 0:16:06]} 22. Nxe4 {[%clk 0:15:14]} d5
{[%clk 0:13:33]} 23. cxd5 {[%clk 0:13:53]} Rxc1 {[%clk 0:13:25]} 24. Rxc1
{[%clk 0:14:02]} exd5 {[%clk 0:13:51]} 25. Nd2 {[%clk 0:10:22]} Qb7
{[%clk 0:10:58]} 26. Nf3 {[%clk 0:09:53]} Nf6 {[%clk 0:09:23]} 27. Ne5
{[%clk 0:08:48]} Ne4 {[%clk 0:09:07]} 28. Qc2 {[%clk 0:08:15]} Bf8
{[%clk 0:04:58]} 29. Qc6 {[%clk 0:08:00]} Qxc6 {[%clk 0:02:41]} 30. Rxc6
{[%clk 0:08:19]} g5 {[%clk 0:01:27]} 31. Rxb6 a5 {[%clk 0:01:31]} 32. Nd7
{[%clk 0:02:54]} Bb4 {[%clk 0:01:02]} 33. Rc6 {[%clk 0:02:39]} gxf4
{[%clk 0:01:17]} 34. gxf4 Bd2 {[%clk 0:01:14]} 35. f5 {[%clk 0:03:02]} Re7
{[%clk 0:00:43]} 36. Nb6 {[%clk 0:02:41]} Ng5 {[%clk 0:00:46]} 37. Nxd5
{[%clk 0:02:11]} Re2 {[%clk 0:00:43]} 38. Nf6+ {[%clk 0:01:32]} Kg7
{[%clk 0:00:53]} 39. Nh5+ {[%clk 0:01:35]} Kf8 {[%clk 0:00:52]} 40. Ba3+
{[%clk 0:31:43]} Ke8 {[%clk 0:30:47]} 41. Nf6+ {[%clk 0:32:06]} Kd8
{[%clk 0:31:11]} 42. Kf1 {[%clk 0:26:42]} Re1+ {[%clk 0:23:54]} 43. Kg2
{[%clk 0:23:45]} Be3 {[%clk 0:23:35]} 44. Kg3 {[%clk 0:16:10]} Rg1+
{[%clk 0:22:31]} 45. Kh4 {[%clk 0:16:33]} Nf3+ {[%clk 0:22:24]} 46. Kh3
{[%clk 0:15:51]} Bf2 {[%clk 0:17:31]} 47. Bc1 {[%clk 0:12:10]} Bxd4
{[%clk 0:11:42]} 48. Bxh6 {[%clk 0:10:41]} Be5 {[%clk 0:10:37]} 49. Ng4
{[%clk 0:09:38]} Bd4 {[%clk 0:10:05]} 50. Rc1 {[%clk 0:09:23]} Rxc1
{[%clk 0:07:08]} 51. Bxc1 {[%clk 0:09:48]} Ng1+ {[%clk 0:07:07]} 52. Kg2
{[%clk 0:09:56]} Ne2 {[%clk 0:07:28]} 53. Bd2 {[%clk 0:09:54]} Bb6
{[%clk 0:07:38]} 54. Ne5 {[%clk 0:09:55]} Nd4 {[%clk 0:07:04]} 55. Nxf7+
{[%clk 0:09:34]} Ke7 {[%clk 0:07:31]} 56. Ne5 {[%clk 0:08:52]} Bc7
{[%clk 0:06:59]} 57. Nc4 {[%clk 0:08:26]} a4 {[%clk 0:06:38]} 58. bxa4
{[%clk 0:07:48]} Nxf5 {[%clk 0:07:02]} 59. a5 {[%clk 0:07:54]} Kd8
{[%clk 0:07:02]} 60. a6 {[%clk 0:06:38]} Kc8 {[%clk 0:07:14]} 61. Na5
{[%clk 0:06:40]} Kb8 {[%clk 0:06:56]} 62. Nc6+ {[%clk 0:07:01]} Ka8
{[%clk 0:07:01]} 63. h3 {[%clk 0:06:14]} Nh4+ {[%clk 0:06:48]} 64. Kf2
{[%clk 0:06:27]} Nf5 {[%clk 0:06:27]} 65. Kf3 {[%clk 0:06:28]} Nh4+
{[%clk 0:06:13]} 66. Kg4 {[%clk 0:06:19]} Ng6 {[%clk 0:06:18]} 67. Kg5
{[%clk 0:05:15]} Nf8 {[%clk 0:05:48]} 68. h4 {[%clk 0:05:13]} Ne6+
{[%clk 0:05:54]} 69. Kf6 {[%clk 0:05:20]} Nc5 {[%clk 0:05:44]} 70. Ba5
{[%clk 0:04:38]} Bf4 {[%clk 0:04:40]} 71. a7 {[%clk 0:03:35]} Nb7
{[%clk 0:04:15]} 72. Bb6 {[%clk 0:03:39]} Nd6 {[%clk 0:04:19]} 73. h5
{[%clk 0:03:14]} Nc4 {[%clk 0:03:40]} 74. Bc5 {[%clk 0:03:03]} Nd2
{[%clk 0:03:42]} 75. Kf5 {[%clk 0:03:14]} Bh6 {[%clk 0:04:02]} 76. Nb4
{[%clk 0:03:14]} Nc4 {[%clk 0:04:01]} 77. Nd5 {[%clk 0:03:11]} 1-0

[Event "MPJ_D16"]
[Site "?"]
[Date "2016.03.15"]
[Round "4.7"]
[White "Kwiatkowska, Agnieszka"]
[Black "Trybowska, Barbara"]
[Result "0-1"]
[BlackElo "1536"]
[WhiteElo "1643"]
[LiveChessVersion "1.4.8"]

1. e4 {[%clk 1:31:19]} e5 {[%clk 1:31:23]} 2. Nf3 {[%clk 1:31:32]} Nc6 3. Bb5 a6
{[%clk 1:31:46]} 4. Ba4 {[%clk 1:31:57]} Bc5 {[%clk 1:32:17]} 5. c3
{[%clk 1:31:49]} d6 {[%clk 1:32:09]} 6. d3 {[%clk 1:31:49]} h6 {[%clk 1:32:09]}
7. Nbd2 {[%clk 1:31:49]} Bd7 {[%clk 1:32:09]} 8. Nf1 {[%clk 1:31:49]} Nge7
{[%clk 1:32:09]} 9. Ng3 {[%clk 1:31:49]} O-O {[%clk 1:32:09]} 10. h3
{[%clk 1:31:49]} b5 {[%clk 1:28:06]} 11. Bb3 {[%clk 1:31:19]} Na5
{[%clk 1:21:48]} 12. Bc2 Bb6 13. Nh2 {[%clk 1:29:46]} f5 {[%clk 1:20:08]} 14. b4
{[%clk 1:26:38]} Nb7 {[%clk 1:19:57]} 15. Bb3+ {[%clk 1:26:52]} Kh8
{[%clk 1:15:00]} 16. Bg5 {[%clk 1:18:34]} f4 17. Nf5 {[%clk 0:43:18]} Bxf5
{[%clk 1:11:39]} 18. exf5 {[%clk 0:43:34]} Rxf5 {[%clk 1:11:23]} 19. h4 d5
{[%clk 1:07:29]} 20. Bxe7 {[%clk 0:35:49]} Qxe7 {[%clk 1:04:37]} 21. Bxd5
{[%clk 0:35:03]} Rb8 22. Be4 Qxh4 {[%clk 0:56:43]} 23. Qf3 {[%clk 0:31:49]} Rff8
{[%clk 0:54:59]} 24. Bxb7 {[%clk 0:31:03]} Rxb7 {[%clk 0:51:46]} 25. g3
{[%clk 0:12:09]} Qg5 {[%clk 0:40:39]} 26. Qxb7 {[%clk 0:08:25]} Bxf2+
{[%clk 0:34:27]} 27. Kf1 {[%clk 0:00:47]} fxg3 {[%clk 0:34:44]} 28. Qg2
{[%clk 0:00:35]} Qd2 {[%clk 0:34:07]} 29. Qe4 {[%clk 0:00:32]} Be3+
{[%clk 0:34:25]} 0-1